Galéria osobností Ján Cuker (1828 - 1890) - evanjelický kňaz, básnik

Bibliographic Details
Main Author: (pz) (Author)
Format: Article
Language:Slovak
PhysicalDescription:Fotografie
ISSN:1339-9438
Subjects:

MARC

LEADER 00000nab a2200000 4500
001 vtls011782881
003 SK-MaSNL
005 20260422095332.0
008 181004|20180630xo |||| || ||00 0|slo
040 |e rda 
041 |a slo 
043 |a e-xo 
044 |a xo  |c SK 
072 7 |a 27  |x Kresťanstvo. Kresťanské cirkvy a denominácie  |2 konspekt 
080 |a 2-733  |2 2011 
100 0 |a (pz)  |4 aut  |9 895749 
245 1 0 |a Galéria osobností  |b Ján Cuker (1828 - 1890) - evanjelický kňaz, básnik  |c [autor](pz) 
300 |b Fotografie 
336 |a text  |b txt  |2 rdacontent 
337 |a bez média  |b n  |2 rdamedia 
338 |a zväzok  |b nc  |2 rdacarrier 
600 7 |a Cuker, Ján, 1828-1890  |2 SNKMA  |9 1599536 
610 2 7 |a Evanjelická cirkev a.v.  |2 SNKKA  |9 32425 
650 0 7 |a básnici  |2 SNKPH  |9 31099 
650 0 7 |a pôsobenie  |2 SNK  |9 877655 
650 0 7 |a evanjelickí kňazi  |2 SNKPH  |9 69499 
651 7 |a Michalovce (Slovensko)  |2 SNKPHgeo  |9 22487 
651 7 |a Pozdišovce (Slovensko)  |2 SNKPHgeo  |9 51696 
651 7 |a Michalovce (Slovensko : okres)  |2 SNKPHgeo  |9 19216 
773 0 |t Pozdišovské čriepky  |g Roč. XIX, č. 1 (30.6.2018), s.6  |x 1339-9438 
787 0 8 |i Rec.: 
999 |c 3313331  |d 3315261